01462nam a22001457a 4500020001800000082002300018100001600041245007100057260005400128300001500182440005200197504004600249520093400295650008701229 a9781108433792 a338.3420954bBAR-M aBarnes, Tom aMaking cars in the new Indiab: industry,precarity and informality aUnited Kingdomb Cambridge University Pressc2018 axvi, 261p. aDevelopment trajectories in global value chains aincludes appendix, bibliography and index aAuto manufacturing holds the promise of employing many young Indians in relatively well-paid, high-skill employment, but this promise is threatened by the industry's role as a site of immense conflict in recent years. This book asks: how do we explain this conflict? What are the implications of conflict for the ambitious economic development agendas of Indian governments? Based upon extensive field research in India's National Capital Region, this book is the first to focus on labour relations in the Indian auto industry. It proposes the theory that conflict in the auto industry has been driven by twin forces: first, the intersection of global networks of auto manufacturing with regional social structures which have always relied on informal and precariously-employed workers; and, second, the systematic displacement of securely-employed 'regular workers' by waves of precariously-employed 'de facto informal workers'. aAutomobile industry aConstruction industryaTradevManufacturing processeszIndia